|
|
|
|
| LEADER |
00000nam a2200000Ia 4500 |
| 003 |
006007 |
| 005 |
20221231144317.0 |
| 008 |
140114s1990 cr a m 000 ||s d |
| 040 |
|
|
|c cru CEDI
|
| 090 |
|
|
|a TFG 2712
|
| 100 |
|
|
|a Quintana Ortiz, Mauricio
|9 12129
|
| 245 |
|
|
|a Modificación de la boquilla e implementación de un dispositivo desviador de flujo en turbinas Banki
|
| 260 |
|
|
|c 1990
|a San José, Costa Rica
|
| 300 |
|
|
|a 11 hojas : ilustraciones (algunas a color, plegables) ; 28 cm.
|
| 500 |
|
|
|a Práctica dirigida (licenciatura en ingeniería mecánica)--Universidad de Costa Rica. Facultad de Ingeniería. Escuela de Ingeniería Mecánica
|
| 650 |
|
|
|x TURBINAS
|9 12130
|
| 942 |
|
|
|c TFG
|
| 999 |
|
|
|c 19955
|d 19955
|